A VEDANTIC PERSPECTIVE OF ECOLOGY

In this paper I intend to concentrate on one particular school of Hindu religion and philosophy, namely, the Srivaisnava religion, the philosophy of which is Visistadvaita, the Vedanta of qualified nondualism. The founder of this branch of Vedanta is Sri Ramanuja [10171137].

Saved in:  
Bibliographic Details
Main Author: Thottakara, Augustine 1940- (Author)
Format: Electronic Article
Language:English
Check availability: HBZ Gateway
Interlibrary Loan:Interlibrary Loan for the Fachinformationsdienste (Specialized Information Services in Germany)
Published: 2001
In: Journal of Dharma
Year: 2001, Volume: 26, Issue: 1, Pages: 9-27
Further subjects:B Veda
B Ecology
Online Access: Volltext (kostenfrei)
Parallel Edition:Non-electronic

MARC

LEADER 00000caa a22000002c 4500
001 1837798087
003 DE-627
005 20250325043749.0
007 cr uuu---uuuuu
008 230301s2001 xx |||||o 00| ||eng c
035 |a (DE-627)1837798087 
035 |a (DE-599)KXP1837798087 
040 |a DE-627  |b ger  |c DE-627  |e rda 
041 |a eng 
084 |a 0  |2 ssgn 
100 1 |8 1\p  |e VerfasserIn  |0 (DE-588)1145671861  |0 (DE-627)1006859446  |0 (DE-576)167294997  |4 aut  |a Thottakara, Augustine  |d 1940- 
109 |a Thottakara, Augustine 1940- 
245 1 2 |a A VEDANTIC PERSPECTIVE OF ECOLOGY 
264 1 |c 2001 
336 |a Text  |b txt  |2 rdacontent 
337 |a Computermedien  |b c  |2 rdamedia 
338 |a Online-Ressource  |b cr  |2 rdacarrier 
520 |a In this paper I intend to concentrate on one particular school of Hindu religion and philosophy, namely, the Srivaisnava religion, the philosophy of which is Visistadvaita, the Vedanta of qualified nondualism. The founder of this branch of Vedanta is Sri Ramanuja [10171137]. 
650 4 |a Ecology 
650 4 |a Veda 
773 0 8 |i Enthalten in  |t Journal of Dharma  |d Bengaluru : Dharmaram College, 1975  |g 26(2001), 1, Seite 9-27  |h Online-Ressource  |w (DE-627)1765453895  |w (DE-600)3078855-9  |x 0253-7222  |7 nnas 
773 1 8 |g volume:26  |g year:2001  |g number:1  |g pages:9-27 
776 |i Erscheint auch als  |n Druckausgabe  |w (DE-627)1642959944  |k Non-Electronic 
856 4 0 |u http://dvkjournals.in/index.php/jd/article/view/636  |x Verlag  |z kostenfrei  |3 Volltext  |7 0 
883 |8 1\p  |a cgwrk  |d 20250301  |q DE-101  |u https://d-nb.info/provenance/plan#cgwrk 
951 |a AR 
ELC |a 1 
LOK |0 000 xxxxxcx a22 zn 4500 
LOK |0 001 4281477829 
LOK |0 003 DE-627 
LOK |0 004 1837798087 
LOK |0 005 20230301095338 
LOK |0 008 230301||||||||||||||||ger||||||| 
LOK |0 040   |a DE-Tue135  |c DE-627  |d DE-Tue135 
LOK |0 092   |o n 
LOK |0 852   |a DE-Tue135 
LOK |0 852 1  |9 00 
LOK |0 935   |a ixzs  |a ixzo  |a rwrk 
LOK |0 939   |a 01-03-23  |b l01 
OAS |a 1 
ORI |a SA-MARC-ixtheoa001.raw 
REL |a 1 
SUB |a REL 
SYE 0 0 |a Weda,Veden,Vedas